000 00708nam a2200229Ia 4500
005 20230213085312.0
008 131103s9999 xx 000 0 und d
040 _aLoreto College
041 _aEnglish
082 _a820.9
_bCHE
100 _aChesterton, [Gilber Kieth], 1874-1936
245 4 _aThe Victorian age in literature
_cG. K. Chesterton
260 _aLondon
_bOxford University Press
_c1961
300 _a159 p.
440 _aThe Home university library of modern knowledge; no. 70
504 _aIncludes bibliographical references and index
650 _aEnglish Literature
651 _aHistory and Criticism
700 _aMurray, Gilbert, series ed.
850 _aLCLIB
942 _cBK
999 _c7371
_d57850